| 000 | 01069nam a22001815i 4500 | ||
|---|---|---|---|
| 001 | 165666 | ||
| 003 | ES-MaACL | ||
| 005 | 20250728105428.0 | ||
| 008 | 050906m18731882xxk | |||||||| ||eng d | ||
| 040 |
_aCAM _bspa _cCAM |
||
| 100 | 1 |
_aSpencer, Herbert, _d1820-1903 _9107684 |
|
| 245 | 1 | 0 |
_aDescriptive sociology or Groups of sociological facts / _cclassified and arranged by Herbert Spencer. |
| 260 |
_aLondon ; Edinburg : _bWilliam and Norgate, _c1873-1881. |
||
| 300 |
_av. ; _c50 cm. |
||
| 597 | _aT. I: English, 1873 (70 p., [17] h. de lám.) -- T.II: Ancienct American Races, 1874 (72 p., [4] h. de lám.) -- T.III: Lowest Races, Negrittos, Polynesians, 1874 (63 p., [18] h. de lám.) -- T. IV: African Races, 1875 (47 p., [16] h. de lám.)-- T. V: Asiatics Races, 1882 (82 p., [16] h. de lám. --T. VI, American races, 1878 (56 p., [20] h. de lám.) -- T. VII: Hebrews and Phoenicians,1880 (122 p., [6] h. de lám.) -- T. VIII: Frenchs, 1881 (158 p., [24] h. de lám.) | ||
| 852 |
_aES-MaACL _jB-7731-7738 _z-- Enc. hol. |
||
| 999 |
_c165666 _d165666 |
||